Risk assessments of salmonella in eggs and broiler chickens

Bewaard in:
Bibliografische gegevens
Formaat: Boek
Taal:Undetermined
Gepubliceerd in: Rome, Italy FAO 2002
Onderwerpen:
Tags: Voeg label toe
Geen labels, Wees de eerste die dit record labelt!
Thư viện lưu trữ: Trung tâm Học liệu Trường Đại học Cần Thơ
LEADER 00444nam a2200157Ia 4500
001 CTU_55856
008 210402s9999 xx 000 0 und d
082 |a 639.5089 
082 |b R595 
245 0 |a Risk assessments of salmonella in eggs and broiler chickens 
260 |a Rome, Italy 
260 |b FAO 
260 |c 2002 
650 |a veterinary medicine,chicken 
650 |x diseases 
980 |a Trung tâm Học liệu Trường Đại học Cần Thơ